| 000 | 01153cam a22002894a 4500 | ||
|---|---|---|---|
| 001 | 12263727 | ||
| 003 | NUST-PNEC | ||
| 005 | 20170116180702.0 | ||
| 008 | 001221s2002 enka b 001 0 eng | ||
| 010 | _a 00054713 | ||
| 020 | _a0201398230 | ||
| 040 |
_aDLC _cPNEC _dDLC |
||
| 042 | _apcc | ||
| 050 | 0 | 0 |
_aTJ217.6 _b.M33 2002 |
| 082 | 0 | 0 | _a629.8 MAC |
| 100 | 1 | _aMaciejowski, Jan Marian. | |
| 245 | 1 | 0 |
_aPredictive control : _bwith constraints / _cJ.M. Maciejowski. |
| 260 |
_aHarlow, England ; _aNew York : _bPrentice Hall, _c2002. |
||
| 300 |
_axviii, 331 p. : _bill. ; _c24 cm. |
||
| 500 | _ahttp://www.amazon.com/Predictive-Control-Constraints-Jan-Maciejowski/dp/0201398230/ref=sr_1_1?s=books&ie=UTF8&qid=1410431897&sr=1-1&keywords=0201398230 | ||
| 504 | _aIncludes bibliographical references (p. 292-304) and indexes. | ||
| 650 | 0 | _aPredictive control. | |
| 650 | 0 |
_aControl theory. _xME |
|
| 906 |
_a7 _bcbc _corignew _d1 _eocip _f20 _gy-gencatlg |
||
| 942 |
_2ddc _cBK |
||
| 999 |
_c60585 _d60585 |
||